Statistiques concernant Formule 1: Les coéquipiers de Lance Stroll

Cliquez ici pour prendre le quiz!

Statistiques générales

  • Ce quiz a été pris 43 fois
  • Le résultat moyen est 5 sur 7

Statistiques - réponses

EcurieSaisonPilote% Correct
Aston Martin2023-2024Fernando Alonso
100%
Racing Point[2019-2021]Sergio Perez
97%
Aston Martin2021-2022Sebastian Vettel
95%
Racing Point2020 et 2022 (4GP)Nico Hülkenberg
68%
Williams2017Felipe Massa
62%
Williams2018Sergey Sirotkin
27%
Williams2017 (1GP)Paul Di Resta
14%

Distribution des résultats

Percentile par nombre de réponses

% des personnes avec chaque résultat

Votre développement - résultats

Vous n’avez pas pris ce quiz